Arriba el telón: técnicas para el montaje de obras de teatro en enseñanza preescolar y básica
Збережено в:
| Автор: | |
|---|---|
| Формат: | Книга |
| Мова: | Іспанська |
| Опубліковано: |
Santiago
Andrés Bello
1986
|
| Предмети: | |
| Теги: |
Додати тег
Немає тегів, Будьте першим, хто поставить тег для цього запису!
|
MARC
| LEADER | 00000nam a2200000 a 4500 | ||
|---|---|---|---|
| 001 | UCW3849 | ||
| 003 | CL-VaPUC | ||
| 008 | 890420e19860000CL |||||||||||||||||spa|d | ||
| 082 | 0 | 4 | |a 792.0226 |b OLI |2 21 |
| 100 | |a Olivares Torruella, Pedro A. |e autor |9 308257 | ||
| 245 | 1 | 0 | |a Arriba el telón: técnicas para el montaje de obras de teatro en enseñanza preescolar y básica |
| 300 | |a 41 p | ||
| 942 | |c BK | ||
| 945 | |d 19890420 00:00:00 | ||
| 260 | |a Santiago |b Andrés Bello |c 1986 | ||
| 650 | 7 | |a TEATRO ESCOLAR E INFANTIL |2 CL-VaPUC |9 308258 | |
| 583 | |a last modification |c 19890420 00:00:00 |k Rodrigo Vera | ||
| 999 | |c 217730 |d 217728 | ||
| 952 | |0 0 |1 0 |4 0 |6 792_022600000000000_OLI_1986 |7 0 |8 A |9 205868 |a BIBEDU |b BIBEDU |d 2019-11-15 |i 2738112 |o 792.0226 OLI 1986 |p 2738112 |r 2019-11-15 |w 2019-11-15 |y BK |k EDU | ||